000 00564nam a2200193Ia 4500
005 20250326141101.0
008 250326s9999 xx 000 0 und d
020 _a0-07-460460-0
037 _aTextbook
040 _aFMSL
_beng
_cFMSL
041 _aeng
_2eng
084 _aX:9 N7
_qFMSL
100 _aRatnam C S Venkata
245 0 _aPersonnel management and human resources
_cRatnam C S Venkata; Srivastva B K
260 _aNew Delhi
_bNew Delhi, Tata McGraw-Hill
_c1991
300 _axii,348
942 _cTB
_hX:9 N7
999 _c1288626
_d1288626